[Event "Sparkassen-Open A"]
[Site "Heusenstamm, Martinsee"]
[Date "2016.11.27"]
[Round "6.29"]
[White "Küpper, Martin"]
[Black "Kiselev, Alexander S"]
[Result "1/2-1/2"]
[WhiteElo "2019"]
[BlackElo "2149"]
[PlyCount "76"]
[EventDate "2016.??.??"]
[WhiteTeam "SC Fulda"]
[BlackTeam "vereinslos"]

1. e4 e5 2. Nf3 Nc6 3. Bc4 Nf6 4. d4 exd4 5. e5 d5 6. Bb5 Ne4 7. Nxd4 Bd7 8.
Bxc6 bxc6 9. O-O Bc5 10. Be3 Bb6 11. Nd2 Nxd2 12. Qxd2 O-O 13. a4 a5 14. Nb3
Qe7 15. Qc3 Rfe8 16. Nc5 Bf5 17. f4 f6 18. Rae1 Qf7 19. Rf3 h5 20. Bd4 Qe7 21.
Rfe3 fxe5 22. Rxe5 Qf7 23. Qg3 Rxe5 24. Rxe5 Bxc5 25. Bxc5 Re8 26. Bd4 Rxe5 27.
Bxe5 Bxc2 28. Qc3 Bxa4 29. Qxa5 Bb5 30. Qxc7 Qg6 31. h3 Kh7 32. Qe7 Bd3 33. Qg5
Qf7 34. Kf2 Be4 35. g4 hxg4 36. Qh4+ Kg8 37. Qd8+ Qf8 38. Qxf8+ Kxf8 1/2-1/2

[Event "Sparkassen-Open A"]
[Site "Heusenstamm, Martinsee"]
[Date "2016.11.27"]
[Round "6.30"]
[White "Hahn, Florian"]
[Black "Zweschper, Erich"]
[Result "1/2-1/2"]
[WhiteElo "2139"]
[BlackElo "2036"]
[PlyCount "107"]
[EventDate "2016.??.??"]
[WhiteTeam "SC Herborn"]
[BlackTeam "SVG Eppstein"]

1. c4 e5 2. e3 Nf6 3. Nc3 d5 4. cxd5 Nxd5 5. Nf3 Nc6 6. Qc2 Be6 7. a3 Nxc3 8.
bxc3 Be7 9. d4 exd4 10. cxd4 O-O 11. Bd3 h6 12. O-O Bf6 13. Rb1 Rb8 14. Nd2 Be7
15. Nb3 a6 16. Nc5 Bxc5 17. Qxc5 Qd7 18. a4 Rfd8 19. Ba3 Qe8 20. Qc2 Bd5 21.
Bc5 Na5 22. Rfc1 b5 23. axb5 axb5 24. Bb4 Nc4 25. e4 Ba8 26. Bxc4 bxc4 27. d5
c6 28. Ba5 cxd5 29. Bxd8 Rxd8 30. exd5 Bxd5 31. Re1 Qc6 32. f3 Ra8 33. Re2 g6
34. Rbe1 Kh7 35. Kh1 Qf6 36. Re3 Rb8 37. Qc3 Qc6 38. h3 Rb3 39. Qd4 Rb8 40. Rd1
Be6 41. Qe5 Re8 42. Qc3 Qc5 43. Re2 Qg5 44. Red2 Qg3 45. Qf6 Qg5 46. Qd4 Qg3
47. Qb2 Qf4 48. Rd8 Rxd8 49. Rxd8 g5 50. Qc3 f6 51. Qb2 Kg6 52. Qc2+ Bf5 53.
Qc3 Be6 54. Qc2+ 1/2-1/2

[Event "Sparkassen-Open A"]
[Site "Heusenstamm, Martinsee"]
[Date "2016.11.27"]
[Round "6.31"]
[White "Prill, Gerhard"]
[Black "Schröder, Jürgen"]
[Result "1/2-1/2"]
[WhiteElo "2018"]
[BlackElo "2108"]
[PlyCount "56"]
[EventDate "2016.??.??"]
[WhiteTeam "SC Heitersheim"]
[BlackTeam "SC Matt im Park"]

1. e4 g6 2. d4 Bg7 3. Nf3 d6 4. c3 Nf6 5. Bd3 O-O 6. O-O e5 7. dxe5 dxe5 8. Re1
Qe7 9. Qc2 b6 10. Nbd2 Bb7 11. a4 a5 12. b3 Nbd7 13. Ba3 c5 14. Rad1 Nh5 15.
Bb5 Ba6 16. Bxa6 Rxa6 17. Nc4 Ra7 18. Bc1 Rb8 19. Nd6 Nhf6 20. Ng5 Rf8 21.
Ngxf7 Rc7 22. Nh6+ Kh8 23. Qe2 Rc6 24. Nc4 Nh5 25. Ng4 Nf4 26. Bxf4 exf4 27. f3
Bxc3 28. Rf1 h5 1/2-1/2

[Event "Sparkassen-Open A"]
[Site "Heusenstamm, Martinsee"]
[Date "2016.11.27"]
[Round "6.32"]
[White "Chandler, Patrick"]
[Black "Calvi, Stefan"]
[Result "0-1"]
[WhiteElo "2107"]
[BlackElo "2021"]
[PlyCount "34"]
[EventDate "2016.??.??"]
[WhiteTeam "SC Nied"]
[BlackTeam "SF Frankfurt"]

1. e4 c5 2. Nf3 Nc6 3. d4 cxd4 4. Nxd4 Nf6 5. Nc3 e5 6. Ndb5 d6 7. a4 a6 8. Na3
d5 9. exd5 Nd4 10. Bc4 Qc7 11. Bb3 Bb4 12. O-O Bg4 13. f3 Bf5 14. Nc4 Bxc2 15.
Bxc2 Nxc2 16. Qxc2 Qxc4 17. Qf5 Bc5+ 0-1

[Event "Sparkassen-Open A"]
[Site "Heusenstamm, Martinsee"]
[Date "2016.11.27"]
[Round "6.33"]
[White "Khudovekov, Stanislav"]
[Black "Neukirchner, Pascal"]
[Result "1/2-1/2"]
[WhiteElo "2104"]
[BlackElo "2026"]
[PlyCount "47"]
[EventDate "2016.??.??"]
[WhiteTeam "SK Smolensk"]
[BlackTeam "SK Gründau"]

1. c4 Nf6 2. g3 e6 3. Bg2 d5 4. Nf3 Be7 5. O-O O-O 6. b3 Nbd7 7. Bb2 c6 8. d3
b5 9. Nbd2 Rb8 10. Qc2 Qb6 11. Rac1 bxc4 12. dxc4 Ba6 13. h3 Rbc8 14. e3 Rfd8
15. Rfd1 Qb8 16. Nd4 c5 17. Ne2 Nb6 18. Ba1 dxc4 19. bxc4 Rd7 20. Nf4 Rcd8 21.
Ne4 Rxd1+ 22. Rxd1 Rxd1+ 23. Qxd1 Qd8 24. Qxd8+ 1/2-1/2

[Event "Sparkassen-Open A"]
[Site "Heusenstamm, Martinsee"]
[Date "2016.11.27"]
[Round "6.35"]
[White "Eggenstein, Frank"]
[Black "Köllner, Ruben Gideon"]
[Result "0-1"]
[WhiteElo "2077"]
[BlackElo "1979"]
[PlyCount "57"]
[EventDate "2016.??.??"]
[WhiteTeam "SV Erkenschwick"]
[BlackTeam "SG Bochum"]

1. e4 d6 2. d4 Nf6 3. Nc3 e5 4. d5 Be7 5. f3 O-O 6. Be3 c6 7. Qd2 a6 8. O-O-O
cxd5 9. exd5 b5 10. g4 h6 11. h4 Nh7 12. Bxh6 gxh6 13. Qxh6 f5 14. Bd3 Rf6 15.
Qh5 Bd7 16. gxf5 Qf8 17. Rd2 Kh8 18. Nh3 Rh6 19. Qg4 Qg7 20. Qe4 Rxh4 21. f4
exf4 22. Re2 Bf6 23. Rg2 Qh6 24. Rgh2 f3+ 25. Kb1 Rxe4 26. Nxe4 Be5 27. Nhg5
Qxh2 28. Rxh2 Bxh2 29. Nxf3 0-1

[Event "Sparkassen-Open A"]
[Site "Heusenstamm, Martinsee"]
[Date "2016.11.27"]
[Round "6.36"]
[White "Zimmer, Gerald"]
[Black "Von Auer, Ulrich"]
[Result "0-1"]
[WhiteElo "1929"]
[BlackElo "2077"]
[PlyCount "120"]
[EventDate "2016.??.??"]
[WhiteTeam "SC Bergen-Enkheim"]
[BlackTeam "SF Frankfurt"]

1. d4 Nf6 2. Nf3 g6 3. g3 Bg7 4. Bg2 O-O 5. O-O d6 6. c4 Nc6 7. Nc3 a6 8. a3
Na5 9. b3 Rb8 10. a4 Bf5 11. Bb2 c5 12. d5 Ne4 13. Nxe4 Bxb2 14. Rb1 Bg7 15.
Nh4 Bd7 16. e3 b5 17. axb5 axb5 18. Qc2 Qc7 19. Nd2 bxc4 20. bxc4 Rb4 21. Rfc1
Rfb8 22. Bf1 R8b7 23. Nhf3 Qb8 24. Rxb4 Rxb4 25. Rb1 Bf5 26. e4 Bg4 27. Kg2
Rxb1 28. Qxb1 Qb4 29. Qxb4 cxb4 30. Bd3 Kf8 31. h3 Bc8 32. h4 Ba6 33. Kf1 b3
34. Ke2 b2 35. Kd1 Bxc4 36. Nxc4 Nxc4 37. Nd2 Nxd2 38. Kxd2 h5 39. f3 Ke8 40.
g4 Be5 41. Kc2 Kf8 42. Be2 Kg7 43. gxh5 gxh5 44. f4 Bxf4 45. Bxh5 Be5 46. Bg4
Kf6 47. Kb1 e6 48. dxe6 fxe6 49. Kc2 Bd4 50. Bh3 Ke5 51. Bg4 d5 52. exd5 Kxd5
53. Bf3+ Ke5 54. Bh5 Kf4 55. Bg6 Ke3 56. h5 e5 57. h6 e4 58. h7 Kf3 59. Bf5 e3
60. Kd1 e2+ 0-1

[Event "Sparkassen-Open A"]
[Site "Heusenstamm, Martinsee"]
[Date "2016.11.27"]
[Round "6.37"]
[White "Hohlbein, Michael"]
[Black "Bethke, Robert"]
[Result "1/2-1/2"]
[WhiteElo "2076"]
[BlackElo "1887"]
[PlyCount "29"]
[EventDate "2016.??.??"]
[WhiteTeam "SK Marmstorf"]
[BlackTeam "SC Gelnhausen"]

1. e4 e5 2. Bc4 Nf6 3. d4 Nxe4 4. dxe5 c6 5. Bxf7+ Kxf7 6. Qf3+ Nf6 7. exf6
Qxf6 8. Qb3+ d5 9. Nf3 Bc5 10. O-O Re8 11. c4 d4 12. Bg5 Qg6 13. Bf4 Kg8 14.
Ne5 Qf5 15. Nd3 1/2-1/2

[Event "Sparkassen-Open A"]
[Site "Heusenstamm, Martinsee"]
[Date "2016.11.27"]
[Round "6.38"]
[White "Pfeffer, Marko"]
[Black "Rubina, Tatiana"]
[Result "0-1"]
[WhiteElo "2071"]
[BlackElo "1875"]
[PlyCount "100"]
[EventDate "2016.??.??"]
[WhiteTeam "SC Bergen-Enkheim"]
[BlackTeam "SK Mannheim"]

1. e4 e6 2. b3 d5 3. Bb2 Nf6 4. e5 Nfd7 5. Qg4 c5 6. f4 Nc6 7. Nf3 Qb6 8. c4
Nb4 9. Na3 d4 10. Be2 Nb8 11. O-O N8c6 12. Ng5 Ne7 13. Qh3 Bd7 14. Nb5 Nf5 15.
a4 a6 16. Na3 Be7 17. Ne4 Bc6 18. Nf2 O-O-O 19. Nd3 Be4 20. Nxb4 cxb4 21. c5
Bxc5 22. Nc4 d3+ 23. Kh1 Qc6 24. Bf3 Kb8 25. Rac1 Bxf3 26. Rxf3 Qd5 27. a5 h5
28. Rff1 h4 29. Rf3 Ng3+ 30. Rxg3 hxg3 31. Qxg3 Rh6 32. Nb6 Bxb6 33. axb6 Rdh8
34. Rc4 Rh3 35. Qxg7 Rxh2+ 36. Kg1 Rh1+ 37. Kf2 Qd8 38. Bd4 Qh4+ 39. Ke3 Qe1+
40. Kxd3 Qb1+ 41. Ke2 Qxb3 42. Rc1 Rxc1 43. Qxh8+ Rc8 44. Qf6 Qd5 45. Ke3 Rd8
46. Qxf7 Qxd4+ 47. Kf3 Qxb6 48. Qf6 b3 49. f5 Qc6+ 50. Kf4 Re8 0-1

[Event "Sparkassen-Open A"]
[Site "Heusenstamm, Martinsee"]
[Date "2016.11.27"]
[Round "6.39"]
[White "Khudovekov, Maxim"]
[Black "Weil, Volker"]
[Result "1/2-1/2"]
[WhiteElo "1908"]
[BlackElo "2071"]
[PlyCount "49"]
[EventDate "2016.??.??"]
[WhiteTeam "SK Smolensk"]
[BlackTeam "SC Steinbach"]

1. e4 d6 2. d4 Nf6 3. Nc3 e5 4. dxe5 dxe5 5. Qxd8+ Kxd8 6. Bg5 Be6 7. g3 Kc8 8.
f4 Bb4 9. Bd3 h6 10. Bxf6 Bxc3+ 11. bxc3 gxf6 12. f5 Bd7 13. Nh3 Kd8 14. O-O-O
Ke7 15. Bc4 Bc6 16. Nf2 Nd7 17. Bd5 Bxd5 18. Rxd5 c6 19. Rd2 Nc5 20. Rhd1 Rac8
21. Rd6 Rhg8 22. R1d2 Rc7 23. a3 Na4 24. Nd1 Nc5 25. Nf2 1/2-1/2

[Event "Sparkassen-Open A"]
[Site "Heusenstamm, Martinsee"]
[Date "2016.11.27"]
[Round "6.40"]
[White "Eichner, Christian"]
[Black "Papadopoulos, Ioannis"]
[Result "1-0"]
[WhiteElo "2067"]
[BlackElo "1755"]
[PlyCount "133"]
[EventDate "2016.??.??"]
[WhiteTeam "SV TuR Dresden"]
[BlackTeam "SV Oberursel"]

1. e4 c5 2. Nf3 d6 3. Bb5+ Bd7 4. Bxd7+ Qxd7 5. O-O Nf6 6. Re1 Nc6 7. c3 e6 8.
d4 cxd4 9. cxd4 Be7 10. Nc3 O-O 11. h3 Rfd8 12. d5 Ne5 13. dxe6 Nxf3+ 14. Qxf3
fxe6 15. Bf4 Rf8 16. Rad1 Qc6 17. Bg3 e5 18. Qf5 Kh8 19. Qe6 Rae8 20. Bh4 Qb6
21. Re2 Qc6 22. Bxf6 Rxf6 23. Qb3 Rff8 24. Nd5 Qd7 25. Rc1 Rc8 26. Qe3 h6 27.
Rec2 Bg5 28. Rxc8 Rxc8 29. Rxc8+ Qxc8 30. Qc3 Qd7 31. Qb4 Qc6 32. Qc3 Qd7 33.
b3 Bd8 34. Qe3 a6 35. a4 Qc6 36. Qc3 Qd7 37. Qc4 Qc6 38. g3 Qd7 39. Kg2 Kh7 40.
Qe2 Qe6 41. Qg4 Qf7 42. b4 h5 43. Qf3 Qg6 44. Kh2 Kh6 45. h4 Kh7 46. a5 Kh6 47.
Ne3 Kh7 48. Qf5 Qxf5 49. Nxf5 b6 50. b5 bxa5 51. bxa6 Bb6 52. Nxd6 a4 53. Nb5
Bxf2 54. Kg2 Bb6 55. Kf3 Kg6 56. Ke2 Kf6 57. Kd3 g5 58. a7 Bxa7 59. Nxa7 a3 60.
Kc3 a2 61. Kb2 gxh4 62. gxh4 Ke6 63. Nb5 a1=Q+ 64. Kxa1 Kd7 65. Kb2 Kc6 66. Na3
Kd6 67. Kb3 1-0

[Event "Sparkassen-Open A"]
[Site "Heusenstamm, Martinsee"]
[Date "2016.11.27"]
[Round "6.41"]
[White "Schimmer, Michael"]
[Black "Karimi, Farhad"]
[Result "0-1"]
[WhiteElo "1815"]
[BlackElo "2096"]
[PlyCount "74"]
[EventDate "2016.??.??"]
[WhiteTeam "SC Frankfurt-West"]
[BlackTeam "Satranç Club"]

1. e4 c5 2. Nf3 Nc6 3. d4 cxd4 4. Nxd4 e5 5. Nb5 d6 6. N1c3 a6 7. Na3 b5 8. Nd5
Nce7 9. c4 Nxd5 10. cxd5 f5 11. exf5 Bxf5 12. Be2 Be7 13. O-O Nf6 14. Nc2 O-O
15. Ne3 Bd7 16. b3 Qb6 17. a4 Ne4 18. a5 Qa7 19. Bf3 Nc3 20. Qd2 b4 21. Bb2 e4
22. Bg4 Bb5 23. Rfe1 Bf6 24. Rac1 Qc5 25. Be6+ Kh8 26. Nf5 Bd3 27. Re3 Bg5 28.
Bxc3 bxc3 29. Rxc3 Bxe3 30. Nxe3 Qxa5 31. Qb2 Rae8 32. Nf5 Rxe6 33. dxe6 Qxf5
34. Rc7 Qf6 35. e7 Re8 36. Qc1 h6 37. Qc6 Qa1+ 0-1

[Event "Sparkassen-Open A"]
[Site "Heusenstamm, Martinsee"]
[Date "2016.11.27"]
[Round "6.42"]
[White "Schlapp, Thomas"]
[Black "Kalepky, Helmut"]
[Result "1-0"]
[WhiteElo "2261"]
[BlackElo "2019"]
[PlyCount "83"]
[EventDate "2016.??.??"]
[WhiteTeam "SG Kaiserslautern"]
[BlackTeam "SF Heidesheim"]

1. d4 Nf6 2. c4 e6 3. Nc3 Bb4 4. e3 c5 5. Nf3 O-O 6. Bd3 d5 7. O-O Nc6 8. a3
Bxc3 9. bxc3 b6 10. cxd5 exd5 11. dxc5 bxc5 12. c4 d4 13. h3 Qb6 14. exd4 cxd4
15. Qc2 Qc5 16. Bg5 Ne5 17. Nxe5 Qxe5 18. f4 Qc5 19. Bxf6 gxf6 20. Bxh7+ Kg7
21. Be4 Rb8 22. Qf2 Rb3 23. Rfd1 Re3 24. Bd3 Rh8 25. Bf1 Bf5 26. Rd2 Rhe8 27.
Kh2 Rxa3 28. Rxa3 Qxa3 29. Qxd4 Rc8 30. g4 Bb1 31. g5 Kg8 32. gxf6 Qf3 33. Bg2
Qh5 34. Bd5 Bf5 35. Qg1+ Bg6 36. Bxf7+ Kxf7 37. Qxa7+ Kxf6 38. Rd6+ Kf5 39.
Rd5+ Kxf4 40. Qd4+ Kf3 41. Rxh5 Bxh5 42. Qf6+ 1-0

[Event "Sparkassen-Open A"]
[Site "Heusenstamm, Martinsee"]
[Date "2016.11.27"]
[Round "6.44"]
[White "Kornitzky, Tino"]
[Black "Wanie, Karsten"]
[Result "1/2-1/2"]
[WhiteElo "2018"]
[BlackElo "2145"]
[PlyCount "142"]
[EventDate "2016.??.??"]
[WhiteTeam "SC Erlangen"]
[BlackTeam "SC Matt im Park"]

1. d4 d6 2. Nf3 Nf6 3. c4 Nbd7 4. Nc3 e5 5. e4 Be7 6. Be2 O-O 7. d5 c6 8. O-O
Qc7 9. Qc2 a6 10. b3 Re8 11. Rd1 Rb8 12. dxc6 bxc6 13. Ba3 Nf8 14. Rd3 Bb7 15.
Rad1 d5 16. Bxe7 Qxe7 17. exd5 cxd5 18. cxd5 e4 19. Re3 Qc5 20. Ne1 Rbc8 21.
Rd2 N8d7 22. Nxe4 Nxe4 23. Rxe4 Rxe4 24. Qxe4 Nf6 25. Qd3 Nxd5 26. Bf3 Rd8 27.
Nc2 Rd7 28. Qf5 Rd8 29. Ne3 Qc1+ 30. Rd1 Nxe3 31. Rxc1 Nxf5 32. Bxb7 a5 33. g3
Nd6 34. Bf3 Nb5 35. Rc5 Rb8 36. Bd5 Kf8 37. Bc4 Nd6 38. Rxa5 Nxc4 39. bxc4 Rc8
40. Ra4 Ke7 41. Kf1 Kd6 42. Ke2 Rc7 43. Kd3 Kc6 44. Kc3 Re7 45. Ra6+ Kc5 46.
Ra5+ Kc6 47. Rd5 Ra7 48. Rd2 Kc5 49. Rd5+ Kc6 50. Kb3 Re7 51. Rd2 Rb7+ 52. Kc3
Ra7 53. Rc2 Kc5 54. Kb2 h5 55. Kc3 Ra3+ 56. Kd2 g5 57. Kc1 f5 58. Kb2 Ra7 59.
a3 f4 60. Kb3 Rb7+ 61. Kc3 Ra7 62. Ra2 Ra4 63. Kb3 Ra7 64. a4 fxg3 65. fxg3 Rf7
66. Rc2 Rf3+ 67. Ka2 h4 68. gxh4 gxh4 69. a5 Kb4 70. Kb2 Kxa5 71. c5 Rf7
1/2-1/2

[Event "Sparkassen-Open A"]
[Site "Heusenstamm, Martinsee"]
[Date "2016.11.27"]
[Round "6.45"]
[White "Tornay Gomez, Josu"]
[Black "Huschens, Matthias"]
[Result "1/2-1/2"]
[WhiteElo "2121"]
[BlackElo "1950"]
[PlyCount "223"]
[EventDate "2016.??.??"]
[WhiteTeam "SC Herborn"]
[BlackTeam "SG Kaiserslautern"]

1. e4 d6 2. Nc3 g6 3. Bc4 Bg7 4. d3 e6 5. f4 c5 6. f5 exf5 7. Nf3 Ne7 8. O-O
Be6 9. Qe1 Bxc4 10. dxc4 O-O 11. Qh4 f6 12. Bh6 Nbc6 13. Rad1 fxe4 14. Bxg7
Kxg7 15. Nxe4 Nf5 16. Qh3 Qe7 17. Rfe1 Ne5 18. g4 Nxf3+ 19. Qxf3 Nd4 20. Qh3
Rae8 21. c3 Nc2 22. Re2 f5 23. Ng3 Ne3 24. gxf5 gxf5 25. Rde1 f4 26. Nf1 Qg5+
27. Kh1 f3 28. Rxe3 f2 29. Qg3 fxe1=Q 30. Qxg5+ Kh8 31. Rxe1 Rxe1 32. Qh6
Rexf1+ 33. Kg2 R1f6 34. Qe3 Rg8+ 35. Kh3 Rgf8 36. Qe7 R8f7 37. Qe8+ Kg7 38. Qe4
Rf4 39. Qd5 Rf3+ 40. Kg2 R3f6 41. h4 b6 42. Kg3 h6 43. Kg4 Re7 44. Qd2 Re4+ 45.
Kh3 Rfe6 46. Qd5 Re2 47. Kg3 Kg6 48. Qa8 Kf5 49. Qf3+ Kg6 50. Qa8 Re8 51. Qd5
R2e6 52. Kg2 Kg7 53. Kh3 R8e7 54. Kg3 Re3+ 55. Kf2 Re2+ 56. Kf3 Rxb2 57. Qxd6
Rbe2 58. Qg3+ Kh7 59. Qd6 R2e6 60. Qd3+ Kg7 61. Qd5 a5 62. a4 Re5 63. Qd6 R7e6
64. Qd7+ Kg6 65. Qd8 Kh5 66. Kf4 Re4+ 67. Kf3 Re1 68. Kf2 R1e3 69. Kg2 Kg4 70.
Qg8+ Kxh4 71. Kf2 R3e5 72. Qd8+ Kg4 73. Qg8+ Kf5 74. Qh7+ Kg5 75. Qg7+ Kf5 76.
Qh7+ Kg4 77. Qg7+ Kh5 78. Qf7+ Rg6 79. Qf3+ Kg5 80. Qg2+ Kf5 81. Qf3+ Ke6 82.
Qc6+ Kf7 83. Qb7+ Re7 84. Qd5+ Kg7 85. Qa8 Rf7+ 86. Ke3 Re6+ 87. Kd3 Rd7+ 88.
Kc2 Re2+ 89. Kc1 Red2 90. Qe4 Rd1+ 91. Kc2 R7d2+ 92. Kb3 Rd6 93. Qg4+ Kf7 94.
Qf3+ Ke7 95. Qe2+ Kd8 96. Qe4 R1d2 97. Qa8+ Kd7 98. Qb7+ Ke8 99. Qe4+ Kf7 100.
Qf4+ Kg6 101. Qg4+ Kh7 102. Qf5+ Kg7 103. Qe5+ Kg6 104. Qg3+ Kh7 105. Qe5 R2d3
106. Qf5+ Kg7 107. Qe5+ Kg6 108. Qe4+ Kg5 109. Qg2+ Kf4 110. Qf2+ Ke4 111. Qe2+
Kf4 112. Qf2+ 1/2-1/2

[Event "Sparkassen-Open A"]
[Site "Heusenstamm, Martinsee"]
[Date "2016.11.27"]
[Round "6.46"]
[White "Bethke, Richard"]
[Black "Schindelmeiser, Frank"]
[Result "1-0"]
[WhiteElo "2104"]
[BlackElo "1981"]
[PlyCount "103"]
[EventDate "2016.??.??"]
[WhiteTeam "SC Gelnhausen"]
[BlackTeam "SV Oberursel"]

1. e4 c5 2. Nf3 g6 3. d4 cxd4 4. Qxd4 Nf6 5. e5 Nc6 6. Qa4 Nd5 7. Qe4 Nc7 8.
Nc3 Bg7 9. Bf4 O-O 10. O-O-O Ne6 11. Bg3 Qb6 12. Nd5 Qa5 13. Kb1 b5 14. h4 h5
15. Ng5 Nc5 16. Qe3 b4 17. Bc4 b3 18. axb3 Ba6 19. b4 Nxb4 20. Nxe7+ Kh8 21.
Nxf7+ Rxf7 22. Bxf7 Ne6 23. Qe4 Qa2+ 24. Kc1 Bh6+ 25. f4 Rb8 26. Qxg6 Nd3+ 27.
Rxd3 Qxb2+ 28. Kd2 Qb4+ 29. Ke3 Qc5+ 30. Kf3 Bb7+ 31. Ke2 Qxc2+ 32. Ke3 Qc5+
33. Kd2 Qb4+ 34. Ke2 Qb2+ 35. Ke1 Qc1+ 36. Kf2 Qc2+ 37. Ke3 Qc5+ 38. Kd2 Qb4+
39. Rc3 Bxf4+ 40. Bxf4 Qxf4+ 41. Kd1 Qd4+ 42. Qd3 Qa4+ 43. Qc2 Qa1+ 44. Qc1
Qa4+ 45. Ke1 Qe4+ 46. Qe3 Qb1+ 47. Kd2 Qa2+ 48. Rc2 Qa5+ 49. Qc3 Qa4 50. Bxe6
Qf4+ 51. Qe3 Qb4+ 52. Kc1 1-0

[Event "Sparkassen-Open A"]
[Site "Heusenstamm, Martinsee"]
[Date "2016.11.27"]
[Round "6.47"]
[White "Benninger, Rudolf"]
[Black "Budde, Michael"]
[Result "0-1"]
[WhiteElo "2085"]
[BlackElo "1954"]
[PlyCount "62"]
[EventDate "2016.??.??"]
[WhiteTeam "SC Heusenstamm"]
[BlackTeam "SC Flörsheim"]

1. e4 Nf6 2. e5 Nd5 3. d4 d6 4. c4 Nb6 5. exd6 exd6 6. Nc3 Be7 7. Be3 Nc6 8. h3
Bf5 9. Bd3 Qd7 10. a3 Bxd3 11. Qxd3 Na5 12. b3 Nxb3 13. Rb1 Na5 14. Rb4 c5 15.
Rxb6 axb6 16. Nf3 cxd4 17. Nxd4 Rc8 18. O-O O-O 19. Nd5 Nxc4 20. Nf5 Bd8 21.
Bd4 f6 22. f4 Qe6 23. Bc3 Rc5 24. Rd1 g6 25. Nh6+ Kg7 26. Ng4 h5 27. Nf2 Re8
28. Re1 Rxd5 29. Qxc4 Re5 30. fxe5 Qxc4 31. exf6+ Kf7 0-1

[Event "Sparkassen-Open A"]
[Site "Heusenstamm, Martinsee"]
[Date "2016.11.27"]
[Round "6.48"]
[White "Niebergall, Gerhard"]
[Black "Poghosyan, Tigran"]
[Result "1/2-1/2"]
[WhiteElo "2001"]
[BlackElo "2080"]
[PlyCount "55"]
[EventDate "2016.??.??"]
[WhiteTeam "SC Heitersheim"]
[BlackTeam "Lübecker SV"]

1. d4 Nf6 2. Bf4 g6 3. e3 Bg7 4. Nf3 O-O 5. Nbd2 d5 6. h3 c5 7. c3 Nc6 8. Be2
Re8 9. O-O e6 10. Bh2 Qe7 11. Qb3 a6 12. a4 Nd7 13. a5 Rd8 14. Bc7 Rf8 15. Bg3
h6 16. Qa3 e5 17. dxe5 Ncxe5 18. Nxe5 Bxe5 19. Bxe5 Qxe5 20. Nf3 Qc7 21. b4 c4
22. Rfd1 Nf6 23. Rd4 Be6 24. Nd2 Qe5 25. Nf3 Qc7 26. Nd2 Qe5 27. Nf3 Qc7 28.
Nd2 1/2-1/2

[Event "Sparkassen-Open A"]
[Site "Heusenstamm, Martinsee"]
[Date "2016.11.27"]
[Round "6.49"]
[White "Bordin, Igor"]
[Black "Iliev, Mustafa Batuhan"]
[Result "1-0"]
[WhiteElo "2063"]
[BlackElo "1959"]
[PlyCount "139"]
[EventDate "2016.??.??"]
[WhiteTeam "SC Fehrbach"]
[BlackTeam "SV Großauheim"]

1. e4 c5 2. Nc3 Nc6 3. f4 g6 4. Nf3 Bg7 5. Bb5 Nd4 6. Nxd4 cxd4 7. Ne2 e6 8.
Ng3 a6 9. Ba4 Ne7 10. O-O b5 11. Bb3 d6 12. d3 O-O 13. Bd2 a5 14. a4 Qb6 15.
axb5 Bd7 16. Qe1 Bxb5 17. Bxa5 Qb7 18. Qe2 Ra6 19. Bd2 Rfa8 20. Rxa6 Rxa6 21.
f5 exf5 22. exf5 d5 23. h4 Qd7 24. h5 Nxf5 25. Nxf5 gxf5 26. Qf3 Re6 27. Qxf5
Re5 28. Qf3 h6 29. Bf4 Rf5 30. g4 Rf6 31. Qg2 Bc6 32. Qg3 Kh7 33. Kg2 Re6 34.
Qf3 Qe7 35. Rf2 Re1 36. Bg3 Kg8 37. Bxd5 Bxd5 38. Qxd5 Re2 39. Qa8+ Kh7 40. Qf3
Rxf2+ 41. Kxf2 Qb4 42. b3 Qd2+ 43. Qe2 Qg5 44. Qe4+ Kg8 45. Qf4 Qc5 46. Qb8+
Bf8 47. Qc7 Qg5 48. Qf4 Qc5 49. Qd2 Kh7 50. Bf4 Kg8 51. Kg3 Kh7 52. Qe2 Qc3 53.
Qe8 Bg7 54. Qxf7 Qe1+ 55. Kf3 Qh1+ 56. Ke2 Qg2+ 57. Ke1 Qg1+ 58. Kd2 Qg2+ 59.
Kc1 Qxg4 60. b4 Qg1+ 61. Kb2 Qe1 62. Qc4 Qh4 63. Bd6 Qxh5 64. b5 Qg6 65. Qc7
Qf5 66. b6 Qb5+ 67. Kc1 Qg5+ 68. Bf4 Qg1+ 69. Kb2 Qe1 70. Bd6 1-0

[Event "Sparkassen-Open A"]
[Site "Heusenstamm, Martinsee"]
[Date "2016.11.27"]
[Round "6.50"]
[White "Seifert, Norbert"]
[Black "Rolf, Marco"]
[Result "1/2-1/2"]
[WhiteElo "1961"]
[BlackElo "2055"]
[PlyCount "51"]
[EventDate "2016.??.??"]
[WhiteTeam "vereinslos"]
[BlackTeam "SK Bad Homburg"]

1. e4 e6 2. d4 d5 3. exd5 exd5 4. Bd3 Nc6 5. c3 Bd6 6. Nf3 Bg4 7. O-O Qf6 8.
Nbd2 Nge7 9. Re1 O-O-O 10. b4 Ng6 11. b5 Nce7 12. Qa4 Kb8 13. Ba3 Nf4 14. Bf1
Neg6 15. Bxd6 cxd6 16. Re3 b6 17. Qb3 Rhe8 18. Rae1 Re6 19. a4 Rde8 20. Rxe6
Rxe6 21. Rxe6 fxe6 22. a5 Nh3+ 23. gxh3 Bxf3 24. Nxf3 Qxf3 25. Qa3 Qf8 26. c4
1/2-1/2

[Event "Sparkassen-Open A"]
[Site "Heusenstamm, Martinsee"]
[Date "2016.11.27"]
[Round "6.51"]
[White "Cichy, Michael"]
[Black "Pabel, Ralph"]
[Result "1/2-1/2"]
[WhiteElo "2053"]
[BlackElo "1927"]
[PlyCount "32"]
[EventDate "2016.??.??"]
[WhiteTeam "SC BS Gliesmarode"]
[BlackTeam "SK Mainaschaff"]

1. d4 d5 2. Nf3 Nf6 3. c4 c6 4. Qc2 dxc4 5. e4 b5 6. b3 cxb3 7. axb3 e6 8. Bd2
Bb7 9. Ba5 Qc8 10. Bd3 Nbd7 11. b4 a6 12. O-O Qb8 13. e5 Nd5 14. Qb3 Be7 15.
Nbd2 f6 16. Rfe1 f5 1/2-1/2

[Event "Sparkassen-Open A"]
[Site "Heusenstamm, Martinsee"]
[Date "2016.11.27"]
[Round "6.52"]
[White "Konik, Michael"]
[Black "Paskalutsa, Vladimir"]
[Result "1-0"]
[WhiteElo "2049"]
[BlackElo "1868"]
[PlyCount "103"]
[EventDate "2016.??.??"]
[WhiteTeam "SK Mainaschaff"]
[BlackTeam "SF Mainz"]

1. e4 e5 2. Nf3 Nc6 3. Bc4 Nf6 4. d3 Bc5 5. O-O O-O 6. c3 Bb6 7. Bg5 h6 8. Bh4
d6 9. a4 Be6 10. Nbd2 Ne7 11. Bxf6 gxf6 12. a5 Bxa5 13. Rxa5 c6 14. Ra1 d5 15.
Bb3 Kh7 16. d4 Ng6 17. Bc2 dxe4 18. Nxe4 f5 19. Nc5 e4 20. Nxe6 fxe6 21. Ne5
Nf4 22. g3 Rg8 23. Kh1 Nd5 24. Qh5 Rg7 25. Rfe1 Qb6 26. Nc4 Qb5 27. Qe2 a5 28.
Ba4 Qa6 29. Bb3 Qb5 30. Ra3 b6 31. Ba4 Qa6 32. Bxc6 Rc8 33. Bxd5 exd5 34. Ne3
Qb7 35. Nxf5 Rg6 36. Ne3 Qd7 37. Kg2 a4 38. f4 b5 39. Rf1 Rb8 40. Qd1 Ra6 41.
Qg4 Qf7 42. Qf5+ Qxf5 43. Nxf5 b4 44. cxb4 Rxb4 45. Rf2 Rf6 46. g4 Rxf5 47.
gxf5 Rxd4 48. Rg3 Rb4 49. f6 d4 50. Rg7+ Kh8 51. Rc2 Rb8 52. Rcc7 1-0

[Event "Sparkassen-Open A"]
[Site "Heusenstamm, Martinsee"]
[Date "2016.11.27"]
[Round "6.53"]
[White "Junker, Christian"]
[Black "Seickel, Ralf"]
[Result "1/2-1/2"]
[WhiteElo "1954"]
[BlackElo "2047"]
[PlyCount "40"]
[EventDate "2016.??.??"]
[WhiteTeam "SV Neu-Isenburg"]
[BlackTeam "vereinslos"]

1. Nf3 c5 2. g3 Nf6 3. d3 Nc6 4. Bg2 d5 5. Nbd2 g6 6. e4 Bg7 7. O-O O-O 8. Re1
e5 9. a4 b6 10. c3 Ba6 11. Bf1 Re8 12. Rb1 Rc8 13. b4 cxb4 14. cxb4 Nd4 15.
Nxd4 exd4 16. e5 Nd7 17. f4 f6 18. exf6 Qxf6 19. Rxe8+ Rxe8 20. Nf3 Nf8 1/2-1/2

[Event "Sparkassen-Open A"]
[Site "Heusenstamm, Martinsee"]
[Date "2016.11.27"]
[Round "6.56"]
[White "Jordake, Michael"]
[Black "Wagner, Dirk"]
[Result "1-0"]
[WhiteElo "1802"]
[BlackElo "2031"]
[PlyCount "61"]
[EventDate "2016.??.??"]
[WhiteTeam "SC Bergen-Enkheim"]
[BlackTeam "SC Matt im Park"]

1. Nc3 e5 2. Nf3 Nc6 3. d4 exd4 4. Nxd4 Nf6 5. Bg5 Bc5 6. e3 Nxd4 7. exd4 Be7
8. Qe2 O-O 9. O-O-O d5 10. h4 c6 11. Re1 Be6 12. Qd3 b5 13. h5 b4 14. Nd1 Ne4
15. Bxe7 Qxe7 16. Qe3 Rfe8 17. Bd3 Qd7 18. Qf4 f5 19. f3 Qd6 20. Qh4 Ng3 21.
Rhg1 f4 22. h6 Bf5 23. Qg5 Qxh6 24. Qxh6 gxh6 25. Ba6 Rab8 26. Kd2 Kf7 27. Nf2
Kf6 28. Nd3 Rxe1 29. Rxe1 Bxd3 30. Bxd3 Rb7 31. Re8 1-0

[Event "Sparkassen-Open A"]
[Site "Heusenstamm, Martinsee"]
[Date "2016.11.27"]
[Round "6.57"]
[White "Werner, Dimo"]
[Black "Scherf, Karl-Heinrich"]
[Result "1/2-1/2"]
[WhiteElo "2035"]
[BlackElo "1881"]
[PlyCount "28"]
[EventDate "2016.??.??"]
[WhiteTeam "TSV Schott Mainz"]
[BlackTeam "SF Neuberg"]

1. d4 Nf6 2. Nf3 g6 3. c4 Bg7 4. Nc3 O-O 5. g3 d6 6. Bg2 Nc6 7. O-O Bf5 8. b3
Ne4 9. Bb2 Qc8 10. Nxe4 Bxe4 11. Qd2 e5 12. dxe5 dxe5 13. Rad1 Rd8 14. Qc1 f6
1/2-1/2